000 00452nam a2200181Ia 4500
001 5932
003 IN-NITTTR
005 20251114233014.0
008 251113s9999||||xx |||||||||||||| ||eng||
040 _beng
040 _cIN-NITTTR
041 _aeng
082 _a370.193 K126E
100 _aKallenbach, W. Warren
245 0 _aEducation and society. /
_cKallenbach, W. Warren, Hodges, Harold M.
700 _a Hodges, Harold M.
942 _2ddc
_cBK
999 _c8570
_d8570